00340nam a2200109Ia 4500008004100000041000800041100001800049245009000067260003700157300000800194700002800202250110s9999 xx 000 0 und d aeng aBobde Namrata aConceptual Framework For Sustainable Municpal Solid Waste Management In Amravati City bFinal Year B.Arch ID, Punec2014 a81p aGuide Name:Nawale Rahul